000 00369pam a2200145a 44500
008 230405s xxu||||| |||| 00| 0 eng d
041 _aENG
100 _aGHOSH M N
245 _aFUNDAMENTAL OF EXPERIMENTAL PHARMACOLOGY
250 _a2 0
260 _aCALCUTTA
_bSCIENTIFIC BOOK AGENCYPUBLICATION CALCUTTA
_c
300 _a230
650 _aPHARMACOLOGY
906 _a192
999 _c265631
_d265631